[Event "Barcelona Sant Marti op-A 23rd"]
[Site "Barcelona"]
[Date "2023.07.21"]
[Round "9"]
[White "Vinolas Anglada, Laura"]
[Black "Torrent San Nicolas, Biel"]
[Result "1-0"]
[WhiteElo "1867"]
[BlackElo "1968"]
[PlyCount "71"]
[EventDate "2023.07.13"]
[EventType "swiss"]
[EventRounds "9"]
[EventCountry "ESP"]
[SourceTitle "CBM 215 Extra"]
[Source "ChessBase"]
[SourceDate "2023.09.30"]
[SourceVersion "1"]
[SourceVersionDate "2023.09.30"]
[SourceQuality "1"]

1. e4 c5 2. Nf3 d6 3. d4 cxd4 4. Nxd4 Nf6 5. Nc3 a6 6. Be2 e5 7. Nb3 Be7 8. 0-0 0-0 9. Re1 Be6 10. Bf3 h6 11. a4 Nc6 12. Nd5 a5 13. c3 Nb8 14. Be3 Nxd5 15. exd5 Bf5 16. Be2 Bg5 17. Bxg5 hxg5 18. Nd2 Bg6 19. Nc4 f5 20. Qb3 Qc7 21. Qb6 Qxb6 22. Nxb6 Ra7 23. Ra3 Na6 24. Nc4 Nc7 25. Nxd6 Nxd5 26. Bc4 Bf7 27. Nxf7 Kxf7 28. Bxd5+ Kf6 29. Rb3 Rd8 30. Rb6+ Ke7 31. Rxe5+ Kf8 32. c4 f4 33. Rbe6 Rc8 34. Rxg5 b6 35. Rf5+ Kg8 36. Rd6+ 1-0

[Event "Barcelona Sant Marti op-A 23rd"]
[Site "Barcelona"]
[Date "2023.07.20"]
[Round "8"]
[White "Torrent San Nicolas, Biel"]
[Black "Fernandez Madrid, Carlos"]
[Result "0-1"]
[WhiteElo "1968"]
[BlackElo "2053"]
[PlyCount "88"]
[EventDate "2023.07.13"]
[EventType "swiss"]
[EventRounds "9"]
[EventCountry "ESP"]
[SourceTitle "CBM 215 Extra"]
[Source "ChessBase"]
[SourceDate "2023.09.30"]
[SourceVersion "1"]
[SourceVersionDate "2023.09.30"]
[SourceQuality "1"]

1. e4 g6 2. d4 Bg7 3. Nc3 d6 4. Bg5 a6 5. Qd2 b5 6. a3 Nd7 7. f4 Bb7 8. Nf3 h6 9. Bh4 c5 10. Bf2 Ngf6 11. e5 Ng4 12. dxc5 Nxf2 13. Qxf2 dxe5 14. 0-0-0 Qc7 15. Nxe5 Nxe5 16. fxe5 Qxe5 17. Be2 Qg5+ 18. Kb1 Bxc3 19. bxc3 Qxg2 20. Qe3 0-0 21. Rhg1 Qxh2 22. Qxe7 Rae8 23. Qxb7 Rxe2 24. Rdf1 Qe5 25. Qf3 g5 26. Rh1 Kg7 27. c6 Re3 28. Qh5 Qe6 29. c7 Rxc3 30. Rfg1 Rc5 31. Qh2 Rc8 32. Rg2 Qg6 33. Rgg1 f6 34. Qd2 R8xc7 35. Rh2 Rxc2 36. Qxc2 Rxc2 37. Rxc2 Qd3 38. Rgg2 Qxa3 39. Rgf2 h5 40. Rh2 Kh6 41. Rhg2 h4 42. Rb2 Qd3+ 43. Ka1 g4 44. Rbd2 Qc3+ 0-1